000 00335nam a2200145Ia 4500
005 20251218183118.0
008 251218s1900 xx 000 0 spa d
020 _a9507714618
082 _aREF.463/C68/T.II
100 _aButto, Nora
245 0 _a Enciclopedia Temática Ilustrada
250 _a1ra.ed.
264 _bClasa
942 _cLIB
999 _c41
_d41